| 000 | 00530nam a22001937a 4500 | ||
|---|---|---|---|
| 005 | 20211023125709.0 | ||
| 008 | 211023b ||||| |||| 00| 0 eng d | ||
| 040 | _cAL | ||
| 041 | _aeng | ||
| 082 |
_223 _a320.5 _bLELH |
||
| 100 |
_aJayant K Lele _91627 |
||
| 245 |
_aHindutva _bThe Emergence of the Right |
||
| 260 |
_aMadras _bEarthworm Books Pvt Ltd _c1995 |
||
| 300 |
_axxi,119 p. _bPB _c22x14 cm. |
||
| 365 |
_a₹140.00 _b₹ _c₹140.00 |
||
| 650 |
_aHindutva _91628 |
||
| 700 |
_aLELE (Jayant K) _91629 |
||
| 942 |
_2ddc _cGF |
||
| 999 |
_c216663 _d216663 |
||